[Event "It (cat.9) \"]
[Site "masterchessopen.com - Olomouc (Czech Republic)"]
[Date "2004.07.09"]
[Round "8"]
[White "Lagowski Patryk (POL)"]
[Black "Babula Vlastimil (CZE)"]
[Result "0-1"]
[WhiteElo "2406"]
[BlackElo "2571"]

{ } 1.d4 { 1 } 1...Nf6 2.c4 e6 3.g3 c5 4.d5 exd5 5.cxd5 d6 6.Bg2 g6 7.Nc3 Bg7
8.Nf3 O-O 9.O-O Re8 10.Nd2 a6 11.a4 Nbd7 12.h3 ( 12.Rb1 Ne5 13.h3 Nh5 14.Qc2
Rb8 15.Kh2 b5 16.axb5 axb5 17.b4 c4 18.f4 Nd7 19.e4 Qb6 20.Bb2 Bb7 21.Nf3 Re7
22.Ra1 Rbe8 23.Ra5 Ba6 24.Rfa1 Nb8 25.Qd2 Nf6 26.e5 Nfd7 27.Nd4 dxe5 28.Nc6
Nxc6 29.dxc6 Nb8 30.Nd5 Qa7 31.Nxe7+ Qxe7 { ...1-0, Anelli Antonio 2330 -
Bitelmajer Martin 2178 , Villa Ballester 2002 It (open) } ) ( 12.Qc2 Rb8 13.a5
b5 14.axb6 Nxb6 15.e4 Ng4 16.h3 Ne5 17.Nd1 f5 18.Ne3 Qf6 19.f4 Nf7 20.Kh2 Na8
21.Rb1 Qd4 22.Ndc4 fxe4 23.Rd1 Qf6 24.Bxe4 Nc7 25.Bd2 Nb5 26.b4 Nd4 27.Qd3 Ng5
28.Bg2 Ngf3+ 29.Kh1 g5 30.bxc5 Rxb1 31.Rxb1 gxf4 { ...1-0, Baburin Alexander
2566 - Cobb James 2335 , England 2001 Ch England (team) 2000/01 } ) 12...Rb8 (
12...Nh5 13.e4 Ne5 14.Kh2 f5 15.exf5 Bxf5 16.Nde4 Nf6 17.Ng5 Rb8 18.f4 Nf7
19.g4 Bd7 20.Nxf7 Kxf7 21.f5 h6 22.fxg6+ Kg8 23.Bf4 b5 24.Bxd6 Bxg4 25.hxg4
Qxd6+ 26.Kh3 b4 27.Rxf6 Qxf6 28.Ne4 Qxb2 29.Rb1 Qd4 30.Qe2 b3 31.Rd1 b2
32.Rxd4 { ...0-1, Seirawan Yasser 2630 - Hracek Zbynek 2615 , Ceska Trebova
1998 Cup Kettler } ) 13.Nc4 Ne5 ( 13...Nb6 14.Na3 Bd7 15.e4 Qc7 16.Be3 Nc8
17.Qd3 Na7 18.Nc4 b5 19.axb5 Nxb5 20.Bd2 Nxc3 21.Bxc3 Bb5 22.Rfe1 Nd7 23.Bxg7
Kxg7 24.Qc3+ Kg8 25.Na5 Qd8 26.f4 Qf6 27.Qxf6 Nxf6 28.e5 dxe5 29.fxe5 Nd7
30.e6 fxe6 31.dxe6 Nf6 32.Nb7 Rec8 33.Re5 { ...1/2-1/2, Tkachiev Vladislav
2642 - Cebalo Miso 2527 , Medulin 2002 Ch Croatia (team) } ) 14.Na3 Nh5 { = }
( 14...Bd7 15.f4 Nh5 16.Kh2 b5 17.axb5 axb5 18.Ne4 b4 19.Nxd6 bxa3 20.Rxa3 Ba4
21.Nxf7 Bxd1 22.Nxd8 Bxe2 23.Re1 Nc4 { 0-1, Safin Shukhrat 2538 - Kotsur Pavel
2572 , Dubai 2001 It (open) } ) 15.f4 ( 15.e4 Bd7 16.g4 ( 16.f4 Nxg3 17.Rf2
Ng4 18.hxg4 { } ) 16...Qh4 17.gxh5 Bxh3 18.Qe2 f5 19.Qe3 Bxg2 20.Kxg2 Qxh5
21.f3 b5 22.axb5 axb5 23.Rh1 Qxf3+ 24.Qxf3 Nxf3 25.Naxb5 Nd4 26.Nxd6 Red8
27.Ra6 fxe4 28.Ndxe4 Nb5 29.Nxb5 Rxb5 30.d6 Be5 31.Ra7 Rb4 32.Re1 Rf8 33.Re2
Rd4 34.Bh6 Rd8 { ...1-0, Mikhalevski Victor 2550 - Pruess David 2376 , Santa
Monica 19. 5.2004 It (cat.9) } ) 15...Nxg3 16.fxe5 Bxe5 ( 16...Nxf1 17.Qxf1
Bxe5 18.Nc4 Bd4+ 19.e3 Bxc3 20.bxc3 b5 21.axb5 axb5 22.Na5 Bd7 23.Nc6 Bxc6
24.dxc6 Qe7 25.Bd5 Rec8 26.e4 Rc7 27.Bf4 Kg7 28.Qf3 Rd8 29.Rb1 g5 30.Qg3 h6
31.Rxb5 Kh7 32.Bd2 Ra8 33.Rb7 Ra1+ 34.Kh2 c4 35.Bxc4 Rxb7 36.cxb7 {
...1/2-1/2, Niksic John 2099 - Gentes Kevin 2300 , Calgary 1996 Ch Canada
(open) } ) 17.Nc4 { } 17...Bxc3 18.bxc3 Bxh3 { N } ( 18...b5 19.axb5 axb5
20.Ne3 Nxf1 21.Nxf1 Qh4 22.Qd3 b4 23.e4 f5 24.Qg3 Qxg3 25.Nxg3 bxc3 26.Ra3 c2
27.Rc3 fxe4 28.Rxc2 e3 29.Re2 Rb1 30.Re1 Bf5 31.Bf1 c4 32.Rxe3 Rxe3 33.Bxe3
Bxh3 { 0-1, Donner Jan-Hein 2465 - Ree Hans 2480 , Amsterdam 1979 It "IBM"
(cat.12) } ) 19.Rf2 Bxg2 20.Kxg2 Ne4 21.Rf3 Qh4 22.a5 { ? } ( { ? } 22.Bf4
Nxc3 23.Qd3 Nxe2 24.Bg3 { } ) 22...Qg4+ 23.Kf1 Ng3+ 24.Rxg3 Qxg3 25.Qd3 Qh4
26.Rb1 Re4 27.Nxd6 Qh1+ 28.Kf2 Rg4 { } {#R} 0-1

[Event "It (open)"]
[Site "masterchessopen.com - Condom (France)"]
[Date "2004.07.15"]
[Round "7"]
[White "Cioara Andrei Nestor (ROM)"]
[Black "Pucher Olivier (FRA)"]
[Result "1-0"]
[WhiteElo "2387"]
[BlackElo "2303"]

1.d4 Nf6 2.c4 e6 3.g3 c5 4.d5 exd5 5.cxd5 g6 6.Nc3 d6 7.Bg2 Bg7 8.Nf3 O-O
9.O-O a6 10.a4 Re8 11.Nd2 Nbd7 12.h3 Qc7 13.Nc4 Rb8 14.Bf4 Bf8 15.a5 Nh5
16.Bd2 b5 17.axb6 Nxb6 18.Na5 Bd7 19.Nc6 Ra8 20.Na4 Nc4 21.Be1 Bg7 22.Qc2 Bxc6
23.dxc6 Ne5 24.Nc3 Nxc6 25.Nd5 Qb7 26.Bc3 Rac8 27.g4 Nd4 28.Qd2 Qb5 29.gxh5
Rxe2 30.Qg5 Rce8 31.Nc7 Qd7 32.Nxe8 Qxe8 {#r} 1-0

[Event "It (open)"]
[Site "masterchessopen.com - Amsterdam (Netherlands)"]
[Date "2004.07.18"]
[Round "2"]
[White "D'Costa Lorin (ENG)"]
[Black "Stellwagen Daniel (NED)"]
[Result "0-1"]
[WhiteElo "2358"]
[BlackElo "2512"]

1.d4 Nf6 2.c4 c5 3.d5 e6 4.Nc3 exd5 5.cxd5 d6 6.Nf3 g6 7.g3 Bg7 8.Bg2 O-O
9.O-O a6 10.a4 Re8 11.Nd2 Nbd7 12.Nc4 Ne5 13.Nxe5 Rxe5 14.Bf4 Rh5 15.f3 g5
16.Bd2 Qe7 17.Qc1 g4 18.Bg5 h6 19.Bf4 Bd7 20.a5 gxf3 21.exf3 Nxd5 22.Nxd5 Rxd5
23.Bxh6 Bd4+ 24.Kh1 Qf6 25.Ra2 Re8 26.Bd2 Rh5 27.Bf4 Rxh2+ 28.Kxh2 Qh8+ 29.Bh6
Re3 30.g4 Qxh6+ 31.Kg3 Be5+ 32.Kf2 Bf4 33.Rh1 Re2+ 34.Kf1 Bb5 35.Rxh6 Rc2+
{#R} 0-1

[Event "Ch Europe (seniors)"]
[Site "masterchessopen.com - Arvier (Italy)"]
[Date "2004.09.18"]
[Round "9"]
[White "Hecht Hans-Joachim (GER)"]
[Black "Pipitone Antonio (ITA)"]
[Result "1-0"]
[WhiteElo "2389"]
[BlackElo "2019"]

1.d4 Nf6 2.Nf3 g6 3.c4 c5 4.d5 e6 5.Nc3 exd5 6.cxd5 d6 7.g3 Bg7 8.Bg2 O-O
9.O-O Re8 10.Nd2 a6 11.a4 Nbd7 12.h3 Rb8 13.Nc4 Nb6 14.Na3 Bd7 15.e4 Nh5 16.a5
Nc8 17.g4 Nf6 18.Nc4 Bb5 19.Qb3 Bxc4 20.Qxc4 Nd7 21.Be3 Qh4 22.f4 b5 23.axb6
Rxb6 24.Ra2 Nb8 25.e5 Rb4 26.Qd3 Nb6 27.Ne4 Nc4 28.Bf2 Qd8 29.Be1 Nxb2 30.Qc2
Rc4 31.Qxb2 dxe5 32.f5 gxf5 33.Rxf5 Rd4 34.Bc3 Rd1+ 35.Kh2 Rxd5 36.Nf6+ Bxf6
37.Bxd5 Qxd5 38.Rxf6 Nc6 39.Qg2 e4 40.Rf5 Qc4 41.Rg5+ Kf8 42.Bg7+ Ke7 43.Rc2
Qd3 44.Rgxc5 Nd4 45.Bxd4 {#r} 1-0

[Event "It (cat.9)"]
[Site "masterchessopen.com - Alushta (Ukraine)"]
[Date "2004.09.20"]
[Round "15"]
[White "Ogloblin Nikolay (RUS)"]
[Black "Obukhov Alexander (RUS)"]
[Result "0-1"]
[WhiteElo "2447"]
[BlackElo "2475"]

1.d4 Nf6 2.c4 e6 3.g3 c5 4.d5 exd5 5.cxd5 d6 6.Nc3 g6 7.Bg2 Bg7 8.Nf3 O-O
9.O-O a6 10.a4 Nbd7 11.Nd2 Re8 12.Nc4 Ne5 13.Na3 Nh5 14.h3 f5 15.e4 b5 16.axb5
axb5 17.Ncxb5 Ba6 18.Bd2 Qb6 19.Qa4 Reb8 20.exf5 gxf5 21.Qh4 Nf6 22.Bc3 Bxb5
23.Nxb5 Rxa1 24.Rxa1 Qxb5 25.f4 Ng6 26.Qg5 Ne8 27.Qxf5 Bxc3 28.bxc3 Ng7 29.Qf6
Qd3 30.Qxd6 Rf8 31.Qxc5 Qxg3 32.Qf2 Qxc3 {#R} 0-1

[Event "Ch Vojvodina (team)"]
[Site "masterchessopen.com - Sombor (Yugoslavia)"]
[Date "2004.09.26"]
[Round "3"]
[White "Jovancic Miodrag (SRB)"]
[Black "Velickovic Sasa (SRB)"]
[Result "0-1"]
[WhiteElo "2350"]
[BlackElo "2405"]

1.d4 c5 2.d5 Nf6 3.c4 g6 4.Nc3 d6 5.Nf3 Bg7 6.g3 O-O 7.Bg2 e6 8.O-O exd5
9.cxd5 a6 10.a4 Re8 11.Nd2 Nbd7 12.Nc4 Nb6 13.Na3 Bd7 14.a5 Nc8 15.Nc4 Bb5
16.Ne3 Na7 17.Bd2 Nd7 18.Re1 Rc8 19.b3 h5 20.Nc4 Ne5 21.Qc1 Bxc4 22.bxc4 Nxc4
23.Bg5 f6 24.Bf4 Nxa5 25.Qc2 f5 26.e4 g5 27.Bd2 Nc4 28.exf5 Nxd2 29.Qxd2 Rxe1+
30.Rxe1 Qa5 31.Qxg5 Qxc3 32.Re6 Rf8 33.f6 Rxf6 34.Bh3 Qf3 35.Rxf6 Qxf6 36.Qxh5
Kf8 37.Be6 Nb5 38.Qh7 Ke7 39.Qg8 Qf8 {#R} 0-1

[Event "Czech League 2004/05 (2nd) (a)"]
[Site "masterchessopen.com - Czech Republic"]
[Date "2004.10.10"]
[Round "1"]
[White "Erban Tomas (CZE)"]
[Black "Turner Radek (CZE)"]
[Result "1-0"]
[WhiteElo "2152"]
[BlackElo "2099"]

1.d4 Nf6 2.Nf3 g6 3.c4 c5 4.d5 Bg7 5.Nc3 O-O 6.g3 a6 7.a4 e6 8.Bg2 exd5 9.cxd5
d6 10.O-O Re8 11.Nd2 Nbd7 12.Nc4 Nb6 13.Ne3 Rb8 14.a5 Na8 15.Nc4 b5 16.axb6
Nxb6 17.Na5 Qc7 18.Nc6 Ra8 19.Bf4 Bf5 20.Rc1 Nh5 21.Bg5 h6 22.Bd2 Nf6 23.b4
cxb4 24.Nxb4 Qd7 25.Be3 Nc4 26.Bd4 Ne5 27.Ra1 Bh3 28.Nxa6 Bxg2 29.Kxg2 Qb7
30.Qb1 Qc8 31.Qb6 Nfd7 32.Qb5 Nc4 33.Bxg7 Kxg7 34.Rfc1 Nce5 35.Ne4 Qd8 36.Nxd6
Rf8 37.Ne4 f5 38.Nec5 Nxc5 39.Nxc5 {#r} 1-0

[Event "Ch Provinciale BG"]
[Site "masterchessopen.com - Bergamo (Italy)"]
[Date "2004.10.15"]
[Round "2"]
[White "Impellizzeri Francesco (ITA)"]
[Black "Valsecchi Alessio (ITA)"]
[Result "0-1"]
[WhiteElo "1872"]
[BlackElo "1925"]

1.d4 Nf6 2.Nf3 g6 3.c4 c5 4.d5 e6 5.Nc3 exd5 6.cxd5 d6 7.g3 Bg7 8.Bg2 O-O
9.O-O a6 10.a4 Re8 11.Nd2 Nbd7 12.h3 h6 13.e4 Ne5 14.Qe2 Nh5 15.Nc4 f5 16.Nxe5
Rxe5 17.Qc4 b5 18.axb5 axb5 {#R} 0-1

[Event "Olympiad"]
[Site "masterchessopen.com - Calvia (Spain)"]
[Date "2004.10.20"]
[Round "6"]
[White "Njobvu Ignatius (BOT)"]
[Black "Nokes Roger I (NZL)"]
[Result "0-1"]
[WhiteElo "2201"]
[BlackElo "2333"]

1.d4 Nf6 2.c4 c5 3.d5 e6 4.Nc3 exd5 5.cxd5 d6 6.g3 g6 7.Bg2 Bg7 8.Nf3 O-O
9.Nd2 a6 10.a4 Nbd7 11.O-O Re8 12.Qb3 Ne5 13.h3 Nh5 14.Kh2 f5 15.f4 Nf7 16.e4
Rb8 17.exf5 Bxf5 18.a5 Nf6 19.Nc4 Ne4 20.Re1 Nxg3 21.Rxe8+ Qxe8 22.Bd2 Nh5
23.Qb6 Qe7 24.Ne3 Qh4 25.Nxf5 gxf5 26.Rf1 Re8 27.Rf3 Nh6 28.Qxd6 Ng4+ 29.Kh1
Ng3+ 30.Rxg3 Qxg3 31.hxg4 Qh4+ 32.Kg1 Bd4+ {#R} 0-1

[Event "Ch World (juniors) (under 16)"]
[Site "masterchessopen.com - Heraklio (Greece)"]
[Date "2004.11.05"]
[Round "2"]
[White "Iturrizaga Eduardo (VEN)"]
[Black "Kononenko Dmitry (UKR)"]
[Result "0-1"]
[WhiteElo "2280"]
[BlackElo "2188"]

1.d4 Nf6 2.Nf3 c5 3.d5 e6 4.c4 exd5 5.cxd5 d6 6.Nc3 g6 7.g3 Bg7 8.Bg2 O-O
9.O-O Re8 10.Nd2 a6 11.a4 Nbd7 12.h3 Rb8 13.Nc4 Ne5 14.Na3 Nh5 15.e4 f5
16.exf5 Bxf5 17.g4 Bxg4 18.hxg4 Qh4 19.gxh5 Rf8 20.Bg5 Qxg5 21.Ne4 Qh4 22.Qb3
Rf4 23.Rae1 Rbf8 24.Re3 Rg4 25.Ng3 Rb4 26.Re4 Qxe4 {#R} 0-1

[Event "Memorial Subasic (cat.7)"]
[Site "masterchessopen.com - Zenica (Bosnia & Herzegovina)"]
[Date "2004.12.06"]
[Round "2"]
[White "Blagojevic Dragisa (MNE)"]
[Black "Terzic Safet (BIH)"]
[Result "1-0"]
[WhiteElo "2527"]
[BlackElo "2289"]

1.d4 Nf6 2.c4 e6 3.g3 c5 4.d5 exd5 5.cxd5 d6 6.Bg2 g6 7.Nc3 Bg7 8.Nf3 O-O
9.O-O a6 10.a4 Re8 11.Nd2 Nbd7 12.Nc4 Ne5 13.Nxe5 Rxe5 14.e4 Re8 15.Rb1 Qc7
16.Bd2 Bg4 17.Qc2 Qd7 18.b4 Bh3 19.bxc5 Rac8 20.Rxb7 Qxb7 21.c6 Qc7 22.Bxh3
Rb8 23.Rc1 h5 24.Bf1 Ra8 25.Nb1 h4 26.Bh3 hxg3 27.hxg3 Re7 28.Qd3 Rae8 29.Nc3
Ra8 30.Rb1 Rb8 31.Kg2 Rxb1 32.Qxb1 Ne8 33.Qb4 Qa7 34.Be3 Qa8 35.Nb1 Bf8 36.Nd2
Nc7 {#r} 1-0

[Event "Cup Governor's (open)"]
[Site "masterchessopen.com - Nachod (Czech Republic)"]
[Date "2004.12.29"]
[Round "4"]
[White "Soural Jan (CZE)"]
[Black "Lechtynsky Jiri (CZE)"]
[Result "0-1"]
[WhiteElo "2179"]
[BlackElo "2476"]

1.d4 Nf6 2.c4 e6 3.Nf3 c5 4.d5 exd5 5.cxd5 d6 6.Nc3 g6 7.g3 Bg7 8.Bg2 O-O
9.O-O Re8 10.Nd2 a6 11.a4 Nbd7 12.Nc4 Ne5 13.Na3 Rb8 14.h3 Nh5 15.f4 Nxg3
16.fxe5 Bxe5 17.Nc4 Bxc3 18.bxc3 Bxh3 19.Ra2 Bxg2 20.Kxg2 Nxf1 21.Qxf1 Re4
22.Nb2 Qh4 23.e3 Rg4+ 24.Kf3 Qh5 {#R} 0-1

[Event "It (open)"]
[Site "masterchessopen.com - Cappelle la Grande (France)"]
[Date "2005.02.16"]
[Round "6"]
[White "Payen Arnaud (FRA)"]
[Black "Jakubowski Krzysztof (POL)"]
[Result "1-0"]
[WhiteElo "2408"]
[BlackElo "2483"]

1.d4 Nf6 2.c4 c5 3.d5 d6 4.Nc3 g6 5.g3 Bg7 6.Bg2 O-O 7.Nf3 e6 8.O-O exd5
9.cxd5 a6 10.a4 Nbd7 11.Nd2 Re8 12.h3 Rb8 13.Nc4 Ne5 14.Na3 Bd7 15.f4 Nh5
16.fxe5 Bxe5 17.g4 Ng3 18.Bf4 Nxf1 19.Qxf1 b5 20.axb5 axb5 21.Ne4 Bxb2 22.Bg5
Qc7 23.Bf6 Bxa1 24.Qxa1 Rxe4 25.Bxe4 Be8 26.Qc1 Qa5 27.Nc2 {#r} 1-0

[Event "It (open)"]
[Site "masterchessopen.com - Evry (France)"]
[Date "2005.02.26"]
[Round "8"]
[White "Camus De Solliers Guillaume (FRA)"]
[Black "Daurelle Herve (FRA)"]
[Result "1-0"]
[WhiteElo "2244"]
[BlackElo "2201"]

1.d4 Nf6 2.c4 e6 3.Nf3 c5 4.d5 exd5 5.cxd5 d6 6.Nc3 g6 7.g3 Bg7 8.Bg2 O-O
9.O-O a6 10.a4 Re8 11.Nd2 Nbd7 12.h3 Rb8 13.Nc4 Nb6 14.Na3 Nxa4 15.Qxa4 b5
16.Qb3 Bb7 17.Nc2 b4 18.Nb1 Rxe2 19.Ne3 Nd7 20.Nd2 Ne5 21.Qd1 Rxe3 22.fxe3 c4
23.Qe2 Rc8 24.Nf3 Nd3 25.Ne1 Ne5 26.e4 a5 27.Be3 Ba6 28.Rf2 Nd3 29.Nxd3 cxd3
30.Qd1 Be5 31.Bf1 Bxg3 32.Rg2 Qh4 33.Qg4 Qxg4 34.hxg4 Be5 35.Rxa5 Bc4 36.Rd2
Bc3 37.bxc3 bxc3 38.Rxd3 Bxd3 39.Bxd3 c2 40.Bc1 Rc3 41.Ra3 {#r} 1-0

[Event "Ch Belarus"]
[Site "masterchessopen.com - Minsk (Belarus)"]
[Date "2005.03.11"]
[Round "8"]
[White "Gorovets Andrey (BLR)"]
[Black "Dydyshko Viacheslav (BLR)"]
[Result "0-1"]
[WhiteElo "2339"]
[BlackElo "2551"]

1.d4 Nf6 2.c4 e6 3.g3 c5 4.d5 exd5 5.cxd5 d6 6.Bg2 g6 7.Nc3 Bg7 8.Nf3 O-O
9.O-O a6 10.a4 Nbd7 11.Nd2 Re8 12.Qb3 Rb8 13.Nc4 Ne5 14.Nb6 Nfd7 15.Nxc8 Qxc8
16.h3 f5 17.Qc2 b5 18.axb5 axb5 19.Ra7 b4 20.Nb1 Ra8 21.Rxa8 Qxa8 22.Nd2 Qa6
23.f4 Nf7 24.e4 fxe4 25.Bxe4 Bd4+ 26.Kh1 Nf6 27.Bf3 Re3 28.Nc4 b3 29.Qd1 Qxc4
30.Bxe3 Bxe3 31.Qe2 Qxe2 32.Bxe2 Nxd5 33.Bc4 Nb4 34.Bxb3 d5 35.Ba4 Nd6 36.Kg2
Kf7 37.Bd1 c4 38.Bf3 Bd4 39.Ra1 Ke6 40.Ra4 Nd3 41.b3 Ne1+ {#R} 0-1

[Event "It (open)"]
[Site "masterchessopen.com - Cattolica (Italy)"]
[Date "2005.06.11"]
[Round "1"]
[White "Weinberg Emanuele (ITA)"]
[Black "Cox John J (ENG)"]
[Result "0-1"]
[WhiteElo "1977"]
[BlackElo "2384"]

1.d4 Nf6 2.c4 e6 3.g3 c5 4.d5 exd5 5.cxd5 d6 6.Bg2 g6 7.Nc3 Bg7 8.Nf3 O-O
9.O-O a6 10.a4 Re8 11.Nd2 Nbd7 12.Nc4 Nb6 13.Qb3 Nxc4 14.Qxc4 b5 15.Qb3 b4
16.Nd1 a5 17.Ne3 Ba6 18.Re1 Nd7 19.Nc4 Ne5 20.Nxe5 Rxe5 21.e4 Rc8 22.Bf4 Re8
23.Rab1 Qd7 24.Qd1 c4 25.Be3 c3 26.bxc3 Bxc3 27.Bd2 Qa7 28.Be3 Qe7 29.Bd2 Qf6
30.Bxc3 Rxc3 31.Rc1 Rxc1 32.Qxc1 Rc8 33.Qe3 Qc3 34.Qxc3 Rxc3 35.Bh3 b3 36.Bd7
b2 {#R} 0-1

[Event "Ch Norway"]
[Site "masterchessopen.com - Sandnes (Norway)"]
[Date "2005.07.07"]
[Round "7"]
[White "Ekeberg Carl Fredrik (NOR)"]
[Black "Dannevig Oystein (NOR)"]
[Result "0-1"]
[WhiteElo "2260"]
[BlackElo "2329"]

1.d4 Nf6 2.Nf3 c5 3.d5 e6 4.c4 d6 5.Nc3 exd5 6.cxd5 g6 7.g3 Bg7 8.Bg2 O-O
9.O-O a6 10.a4 Re8 11.Nd2 Nbd7 12.h3 Rb8 13.Nc4 Nb6 14.Na3 Bd7 15.e4 Qc7
16.Be3 Nxa4 17.Nxa4 Nxe4 18.Bxe4 Rxe4 19.Nc3 Rb4 20.Bc1 Bxh3 21.Re1 Qd7 22.Qe2
h5 23.Bf4 b5 24.Nab1 Qf5 25.Bxd6 Rxb2 26.Nd2 Rxd2 {#R} 0-1

[Event "It \"]
[Site "masterchessopen.com - Copenhagen (Denmark)"]
[Date "2005.07.19"]
[Round "5"]
[White "Molvig Henrik (DEN)"]
[Black "Mortensen Henrik (DEN)"]
[Result "0-1"]
[WhiteElo "2199"]
[BlackElo "2007"]

1.d4 Nf6 2.c4 e6 3.Nf3 c5 4.d5 exd5 5.cxd5 d6 6.Nc3 g6 7.g3 Bg7 8.Bg2 O-O
9.O-O Re8 10.Nd2 a6 11.a4 Nbd7 12.h3 Rb8 13.Nc4 Ne5 14.Na3 Nh5 15.Kh2 f5 16.e3
Bd7 17.f4 b5 18.fxe5 Bxe5 19.Ne2 Qh4 20.Rf4 Bxf4 21.exf4 Qe7 22.Ng1 c4 23.Bd2
Nf6 24.axb5 axb5 25.Nc2 Ne4 26.Bb4 Qf6 27.Ra7 Rbd8 28.Bxe4 Rxe4 29.Ba5 Rde8
30.Rxd7 Qxb2 31.Rd8 Rxd8 32.Bxd8 b4 33.Kh1 b3 34.Na1 Qf2 35.Ba5 Qa2 36.Bc3 b2
37.Bxb2 Qxb2 38.Nc2 Qc3 39.Nf3 Qd3 40.Qxd3 cxd3 41.Na3 d2 {#R} 0-1

[Event "It (open)"]
[Site "masterchessopen.com - Balaguer (Spain)"]
[Date "2005.07.22"]
[Round "5"]
[White "Lalic Bogdan (ENG)"]
[Black "Gonzalez Menendez Ivan (ESP)"]
[Result "1-0"]
[WhiteElo "2490"]
[BlackElo "2395"]

1.d4 Nf6 2.c4 c5 3.d5 e6 4.Nf3 exd5 5.cxd5 d6 6.Nc3 g6 7.g3 Bg7 8.Bg2 O-O
9.O-O a6 10.a4 Re8 11.Nd2 Nbd7 12.Ra2 Rb8 13.a5 b5 14.axb6 Nxb6 15.h3 Bd7
16.Kh2 Bb5 17.Re1 Qe7 18.Qc2 Nfd7 19.b3 Ne5 20.Rd1 f5 21.f4 Nf7 22.e4 Nh6
23.Nxb5 axb5 24.e5 dxe5 25.fxe5 Qxe5 26.Nf3 Qe4 27.Qxc5 Rec8 28.Qf2 Qb1
29.Bxh6 Qxd1 30.Bxg7 Nxd5 31.Be5 Ra8 32.Rd2 Qxb3 33.Nd4 Qc4 34.Nxf5 {#r} 1-0

[Event "Cup Independence (open) (b)"]
[Site "masterchessopen.com - Kiev (Ukraine)"]
[Date "2005.08.09"]
[Round "8"]
[White "Artemchuk Taras (UKR)"]
[Black "Meleshko Maxim (UKR)"]
[Result "1-0"]
[WhiteElo "2191"]
[BlackElo "2036"]

1.Nf3 g6 2.d4 Bg7 3.c4 c5 4.d5 d6 5.Nc3 Nf6 6.g3 O-O 7.Bg2 e6 8.O-O exd5
9.cxd5 a6 10.a4 Nbd7 11.Nd2 Re8 12.h3 Rb8 13.Nc4 Ne5 14.Na3 Qc7 15.Kh2 h6
16.f4 Ned7 17.e4 Nh7 18.Qd3 Ndf8 19.Nc4 b5 20.axb5 axb5 21.Nxb5 Rxb5 22.Nxd6
Qxd6 23.Qxb5 Bd7 24.Qa5 Bd4 25.e5 Qb8 26.Ra2 Bb5 27.Rd1 Bc4 28.Ra3 Rc8 29.Qa7
Bxb2 30.Qxb8 Rxb8 31.Bxb2 Rxb2 32.Kg1 Rb3 33.Ra8 Kg7 34.Ra7 Kg8 35.Rc1 Rb4
36.Rc7 Bb5 37.R1xc5 Nd7 38.Rxb5 Rxb5 39.Rxd7 Nf8 40.Re7 Kg7 {#r} 1-0

[Event "Ch Austria (qual)"]
[Site "masterchessopen.com - Gmunden (Austria)"]
[Date "2005.08.21"]
[Round "9"]
[White "Schmidlechner Alexander (AUT)"]
[Black "Srienz Christian (AUT)"]
[Result "1-0"]
[WhiteElo "2245"]
[BlackElo "2233"]

1.d4 Nf6 2.c4 e6 3.g3 c5 4.d5 exd5 5.cxd5 d6 6.Nc3 g6 7.Bg2 Bg7 8.Nf3 O-O
9.O-O Re8 10.Nd2 a6 11.a4 Nbd7 12.Nc4 Ne5 13.Na3 Nh5 14.h3 f5 15.Kh2 Bd7 16.f4
Nf7 17.Nc4 Nf6 18.a5 h5 19.Re1 h4 20.Bf3 hxg3+ 21.Kxg3 Ne4+ 22.Nxe4 fxe4
23.Bg4 Nh6 24.Bxd7 Qxd7 25.Nb6 Qe7 26.Nxa8 Nf5+ 27.Kh2 e3 28.Rg1 Rxa8 29.Rxg6
Qh4 30.Qf1 Re8 31.Rg5 Nd4 32.Ra3 Nc2 33.Rb3 Re7 34.Rg3 Rf7 35.Rbxe3 Nxe3
36.Bxe3 Kf8 37.b3 Be5 38.Rg4 Qh6 39.Qf3 Qh7 40.Qg2 Bf6 41.Rg6 Qh5 42.Rg8+ Ke7
43.Qe4+ Kd7 44.Qe8+ Kc7 45.Qc8# 1-0

[Event "Ch Europe (juniors) (under 16) (g)"]
[Site "masterchessopen.com - Herceg Novi (Montenegro)"]
[Round "2"]
[White "Butskhrikidze Ana (GEO)"]
[Black "Benmesbah Natacha (FRA)"]
[Result "0-1"]
[WhiteElo "1997"]
[BlackElo "2117"]

1.Nf3 Nf6 2.g3 g6 3.Bg2 Bg7 4.O-O O-O 5.d4 c5 6.d5 d6 7.c4 e6 8.Nc3 exd5
9.cxd5 a6 10.a4 Re8 11.Nd2 Nbd7 12.Nc4 Ne5 13.Nxe5 Rxe5 14.f4 Re8 15.e4 Ng4
16.Qe2 Bd4+ 17.Kh1 f5 18.Qc2 Nf6 19.Re1 fxe4 20.Nxe4 Bf5 21.Nxf6+ Qxf6 22.Qd1
Kf7 23.Bd2 Bxb2 24.Ra2 Rxe1+ 25.Qxe1 Re8 26.Qd1 Qd4 27.Bf3 Be4 28.Rxb2 Bxf3+
{#R} 0-1

[Event "Ch World (seniors)"]
[Site "masterchessopen.com - Lignano (Italy)"]
[Date "2005.10.01"]
[Round "4"]
[White "Hecht Hans-Joachim (GER)"]
[Black "Shestoperov Aleksej (RUS)"]
[Result "1-0"]
[WhiteElo "2388"]
[BlackElo "2432"]

1.d4 Nf6 2.c4 c5 3.d5 e6 4.Nc3 exd5 5.cxd5 d6 6.Nf3 g6 7.g3 Bg7 8.Bg2 O-O
9.O-O Re8 10.Nd2 a6 11.a4 Nbd7 12.h3 Rb8 13.Nc4 Ne5 14.Na3 Nh5 15.Bd2 f5
16.Rb1 Bd7 17.b4 b6 18.b5 a5 19.Qb3 Qf6 20.f4 Ng4 21.hxg4 Qd4+ 22.e3 Qxd2
23.Nc4 Qxc3 24.Qxc3 Bxc3 25.gxh5 Bg7 26.hxg6 hxg6 27.Kf2 Bf8 28.Rh1 Red8
29.Bf3 Bc8 30.Rbg1 Re8 31.Ke2 Rd8 32.g4 Bg7 33.Kd3 Rb7 34.gxf5 gxf5 35.Rg6 Kf8
36.Rh5 Rc7 37.Rhg5 Re8 38.Rxd6 Ree7 39.Rxb6 {#r} 1-0

[Event "It (open) \"]
[Site "masterchessopen.com - Ireland"]
[Date "2005.10.08"]
[Round "2"]
[White "Mikhalevski Victor (ISR)"]
[Black "Quinn Mark (IRL)"]
[Result "1-0"]
[WhiteElo "2554"]
[BlackElo "2399"]

1.d4 Nf6 2.c4 e6 3.g3 c5 4.d5 d6 5.Nc3 exd5 6.cxd5 g6 7.Bg2 Bg7 8.Nf3 O-O
9.O-O a6 10.a4 Re8 11.Nd2 Nbd7 12.h3 Rb8 13.Nc4 Ne5 14.Na3 Bd7 15.a5 Nh5 16.e4
Qxa5 17.g4 Nf6 18.g5 Nh5 19.f4 b5 20.fxe5 Bxe5 21.Nc2 Qb6 22.Ne2 b4 23.Rf2 Qb5
24.Ne3 b3 25.Nc3 Qb4 26.Ng4 Bd4 27.Qf3 f5 28.gxf6 Rf8 29.f7+ Kh8 30.Rxa6 Bxg4
31.hxg4 Qb7 32.Be3 Bxc3 33.gxh5 Qxa6 34.Bg5 Qa1+ 35.Rf1 Rxf7 36.Qxf7 Qxb2 {#r}
1-0